Humanidades : Anuario del Instituto de Investigaciones Humanísticas : número 3, 1975 /

Gardado en:
Detalles Bibliográficos
Outros autores: González Uribe, Héctor (dirección) (dirección), García Díaz, Tarsicio (edición) (edición)
Formato: Libro
Idioma:Lingua castelá
Publicado: México : Universidad Iberoamericana, Instituto de Investigaciones Humanísticas, 1977, c1977
Etiquetas: Engadir etiqueta
Sen Etiquetas, Sexa o primeiro en etiquetar este rexistro!

MARC

LEADER 00000nam^a2200000^a^4500
001 000568467
005 20250521000000.0
009 20260310132148.465
037 |a Acervo ITESO - Biblioteca 
041 |a ESP 
091 |a FGM. 03496 
245 0 0 |a Humanidades :  |b Anuario del Instituto de Investigaciones Humanísticas : número 3, 1975 / 
264 4 |a México :  |b Universidad Iberoamericana, Instituto de Investigaciones Humanísticas,  |c 1977, c1977 
300 |a 279 p. 
336 |a texto  |b txt  |2 rdacontenido 
337 |a sin mediación  |b n  |2 rdamedio 
338 |a volumen  |b nc  |2 rdasoporte 
649 |a XX 
700 |a González Uribe, Héctor  |e (dirección) 
700 |a García Díaz, Tarsicio  |e (edición) 
910 |a Fondo Efraín González Morfín 
920 |a Impresos - Libros 
930 |a Fondos Especiales 
905 |a 130 
901 |a 0500393046  |b IT2  |c ESL  |i D89561  |u 20250521 
902 |a https://opac.biblio.iteso.mx/vufind/Record/000568467